Aaj ka hindI sahity (Record no. 150780)
[ view plain ]
| 000 -LEADER | |
|---|---|
| fixed length control field | 00851nam a2200265Ia 4500 |
| 003 - CONTROL NUMBER IDENTIFIER | |
| control field | OSt |
| 005 - DATE AND TIME OF LATEST TRANSACTION | |
| control field | 20240411103406.0 |
| 008 - FIXED-LENGTH DATA ELEMENTS--GENERAL INFORMATION | |
| fixed length control field | 210210b2012 xxu||||| |||| 00| 0 eng d |
| 020 ## - INTERNATIONAL STANDARD BOOK NUMBER | |
| International Standard Book Number | 9788192116167 |
| 040 ## - CATALOGING SOURCE | |
| Transcribing agency | AL |
| 041 ## - LANGUAGE CODE | |
| Language code of text/sound track or separate title | Hindi |
| 082 ## - DEWEY DECIMAL CLASSIFICATION NUMBER | |
| Classification number | H891.9 LAKA |
| 100 ## - MAIN ENTRY--PERSONAL NAME | |
| Personal name | LAKSHMAN (Yashvanthkar Santhoshkumar) |
| Dates associated with a name | यशवंतकर संतोषकुमार लक्ष्मण |
| 9 (RLIN) | 159556 |
| 245 ## - TITLE STATEMENT | |
| Title | Aaj ka hindI sahity |
| Remainder of title | आज का हिंदी साहित्य |
| 260 ## - PUBLICATION, DISTRIBUTION, ETC. | |
| Place of publication, distribution, etc. | KAnpur |
| Name of publisher, distributor, etc. | Parag Prakashan |
| Date of publication, distribution, etc. | 2012 |
| 300 ## - PHYSICAL DESCRIPTION | |
| Extent | 187 |
| 650 ## - SUBJECT ADDED ENTRY--TOPICAL TERM | |
| Topical term or geographic name entry element | sAhity |
| 9 (RLIN) | 159557 |
| 650 ## - SUBJECT ADDED ENTRY--TOPICAL TERM | |
| Topical term or geographic name entry element | kA |
| 9 (RLIN) | 159558 |
| 650 ## - SUBJECT ADDED ENTRY--TOPICAL TERM | |
| Topical term or geographic name entry element | hindI |
| 9 (RLIN) | 159559 |
| 650 ## - SUBJECT ADDED ENTRY--TOPICAL TERM | |
| Topical term or geographic name entry element | Aaj |
| 9 (RLIN) | 159560 |
| 690 ## - LOCAL SUBJECT ADDED ENTRY--TOPICAL TERM (OCLC, RLIN) | |
| Topical term or geographic name as entry element | Hindi Criticism |
| 9 (RLIN) | 159561 |
| 700 ## - ADDED ENTRY--PERSONAL NAME | |
| Personal name | JADHAV (Bhagvan Narayan) Ed |
| Dates associated with a name | भगवान नारायण जाधव |
| 9 (RLIN) | 159562 |
| 906 ## - LOCAL DATA ELEMENT F, LDF (RLIN) | |
| a | 067382 |
| 942 ## - ADDED ENTRY ELEMENTS (KOHA) | |
| Source of classification or shelving scheme | Dewey Decimal Classification |
| Koha item type | Book |
| Withdrawn status | Lost status | Damaged status | Not for loan | Collection code | Home library | Current library | Shelving location | Date acquired | Source of acquisition | Cost, normal purchase price | Total Checkouts | Full call number | Barcode | Date last seen | Price effective from | Koha item type |
|---|---|---|---|---|---|---|---|---|---|---|---|---|---|---|---|---|
| St Aloysius Library | St Aloysius Library | 02/17/2021 | Bharath Book Mark, Kadri Road, Mangalore-575003 | 350.00 | H891.9 LAKA | 067382 | 02/17/2021 | 02/17/2021 | Book |